| 000 | 01576nam a22002297a 4500 | ||
|---|---|---|---|
| 999 |
_c60277 _d60277 |
||
| 003 | Ge_BSU | ||
| 005 | 20230623155709.0 | ||
| 008 | 230623b xxu||||| |||| 00| 0 geo d | ||
| 020 | _a9789941133756 | ||
| 041 | _ageo | ||
| 080 | _a027.7(479.22)+930(479.22) ა-64 | ||
| 245 |
_aანდრია აფაქიძის კოლექცია : _b [ივანე ჯავახიშვილის სახ. თბილ. სახელმწ. უნ-ტის ბიბლიოთეკის კოლექციები] / _cთსუ; კოლექციის აღწერილობა მოამზადა მაკა ნუცუბიძემ; რედ. ზურაბ გაიპარაშვილი. |
||
| 264 |
_aთბილისი : _bთბილ. უნ-ტის გამ-ბა, _c2014. |
||
| 300 |
_a264 გვ. : _bპორტრ. ; _c20 სმ. |
||
| 490 | _aბიბლიოთეკის კოლექციები, 1512-3944 | ||
| 653 | _aაფაქიძე, ანდრია, 1914-2005. | ||
| 653 | _aქართველი ისტორიკოსების პირადი კოლექციები | ||
| 700 |
_aნუცუბიძე, მ. (მაკა) _eაღწერილობის მომზადება _918942 |
||
| 700 |
_aგაიპარაშვილი, ზ. (ზურაბ) _eრედაქტორი. _918943 |
||
| 710 |
_aთბილისის სახელმწიფო უნივერსიტეტი _918944 |
||
| 942 |
_2udc _cBK |
||